[Event "Brasilia Terra Viva op"]
[Site "Brasilia"]
[Date "2014.09.21"]
[Round "6"]
[White "Gisclan, Heverton"]
[Black "Mekhitarian, Krikor Sevag"]
[Result "0-1"]
[WhiteElo "2234"]
[BlackElo "2568"]
[PlyCount "122"]
[EventDate "2014.09.19"]
[EventType "swiss"]
[EventRounds "6"]
[EventCountry "BRA"]
[SourceTitle "CBM 162 Extra"]
[Source "ChessBase"]
[SourceDate "2014.10.17"]
[SourceVersion "1"]
[SourceVersionDate "2014.10.17"]
[SourceQuality "1"]

1. d4 Nf6 2. c4 g6 3. Nc3 d5 4. cxd5 Nxd5 5. e4 Nxc3 6. bxc3 Bg7 7. Bc4 c5 8.
Ne2 O-O 9. O-O Nc6 10. Be3 e6 11. e5 b6 12. Bd3 Bb7 13. Be4 Qc7 14. Ng3 Rad8
15. Qg4 Ne7 16. Bxb7 Qxb7 17. Bg5 cxd4 18. cxd4 h6 19. Bxe7 Qxe7 20. Qe4 Qa3
21. Qe3 Qb2 22. Ne2 Rd7 23. Rfb1 Qc2 24. a4 Qc4 25. Rc1 Qd5 26. a5 Rfd8 27.
axb6 axb6 28. Rab1 b5 29. Qb3 Qxb3 30. Rxb3 Bxe5 31. Rxb5 Bxd4 32. Nxd4 Rxd4
33. g3 g5 34. Rbc5 Kg7 35. R5c4 Kg6 36. Kg2 h5 37. Rc8 Rxc8 38. Rxc8 h4 39.
Rg8+ Kf5 40. Ra8 e5 41. Ra5 f6 42. Ra6 Rd2 43. h3 hxg3 44. Kxg3 Rd3+ 45. Kg2 e4
46. Rb6 Ke5 47. Ra6 f5 48. Ra5+ Kf4 49. Ra8 Rd4 50. Re8 Rd2 51. Re7 Re2 52. Ra7
e3 53. Ra4+ Ke5 54. Ra5+ Kf6 55. Ra6+ Kg7 56. Kf3 Rxf2+ 57. Kxe3 Rb2 58. Kd4
Rb3 59. Ke5 Rf3 60. Ra7+ Kg6 61. Ra6+ Kh5 0-1

[Event "American Continental 10th"]
[Site "Praia da Pipa"]
[Date "2014.10.18"]
[Round "1"]
[White "Mekhitarian, Krikor Sevag"]
[Black "Magas Varas, Rodrigo"]
[Result "1/2-1/2"]
[WhiteElo "2558"]
[BlackElo "2041"]
[PlyCount "104"]
[EventDate "2014.10.18"]
[EventType "swiss"]
[EventRounds "11"]
[EventCountry "BRA"]
[SourceTitle "EXT 2015"]
[Source "ChessBase"]
[SourceDate "2014.11.20"]
[SourceVersion "1"]
[SourceVersionDate "2014.11.20"]
[SourceQuality "1"]

1. d4 d5 2. c4 c6 3. Nc3 Nf6 4. e3 e6 5. Nf3 Nbd7 6. Qc2 Bd6 7. Be2 O-O 8. O-O
Qe7 9. b3 b6 10. Bb2 Bb7 11. Rad1 Rac8 12. Rfe1 c5 13. cxd5 exd5 14. Qf5 Rfd8
15. Bf1 Qe6 16. Qb1 h6 17. Bd3 Ne4 18. dxc5 Ndxc5 19. Ne2 Nxd3 20. Qxd3 Bb4 21.
Qd4 Bf8 22. Nf4 Qf5 23. Rc1 Rxc1 24. Rxc1 Rc8 25. Qd1 Rxc1 26. Qxc1 g5 27. Nd4
Qf6 28. Nd3 Ba6 29. Nb5 Qf5 30. a4 Bxb5 31. axb5 Bg7 32. Bxg7 Kxg7 33. f3 Nd6
34. Qc3+ Qf6 35. Qc6 Qa1+ 36. Kf2 Qa2+ 37. Kg3 Nf5+ 38. Kh3 Nxe3 39. Qc3+ f6
40. Nb2 Qb1 41. Qxe3 Qxb2 42. Qe7+ Kg6 43. Qe8+ Kg7 44. Qd7+ Kg6 45. Qxd5 Qe2
46. Qg8+ Kf5 47. Qc8+ Kg6 48. b4 h5 49. Qg8+ Kh6 50. Qf8+ Kg6 51. Qg8+ Kh6 52.
Qf8+ Kg6 1/2-1/2

[Event "American Continental 10th"]
[Site "Praia da Pipa"]
[Date "2014.10.19"]
[Round "3"]
[White "Mekhitarian, Krikor Sevag"]
[Black "Caetano, Hugo Zanotti Mendon"]
[Result "1-0"]
[WhiteElo "2558"]
[BlackElo "2209"]
[PlyCount "111"]
[EventDate "2014.10.18"]
[EventType "swiss"]
[EventRounds "11"]
[EventCountry "BRA"]
[SourceTitle "EXT 2015"]
[Source "ChessBase"]
[SourceDate "2014.11.20"]
[SourceVersion "1"]
[SourceVersionDate "2014.11.20"]
[SourceQuality "1"]

1. d4 d5 2. c4 e6 3. Nc3 c6 4. e4 dxe4 5. Nxe4 Bb4+ 6. Bd2 Bxd2+ 7. Qxd2 Nf6 8.
Nxf6+ Qxf6 9. Nf3 O-O 10. Bd3 Nd7 11. O-O h6 12. Rfe1 c5 13. Rad1 cxd4 14. Nxd4
Nc5 15. Bc2 e5 16. Nb5 Bg4 17. f3 Be6 18. b4 Rad8 19. Nd6 Na6 20. Qc3 Rd7 21.
a3 Rfd8 22. c5 Nc7 23. Ba4 Nd5 24. Qxe5 Qxe5 25. Rxe5 Rxd6 26. cxd6 Nc3 27. Bc2
Nxd1 28. Bxd1 Rxd6 29. Be2 Kf8 30. f4 g6 31. Rc5 Rc6 32. Rxc6 bxc6 33. Kf2 Ke7
34. Ke3 Kd6 35. Kd4 g5 36. fxg5 hxg5 37. g3 Bh3 38. Bf3 f5 39. a4 f4 40. gxf4
gxf4 41. Ke4 c5 42. bxc5+ Kxc5 43. Kxf4 Bd7 44. a5 Kb5 45. h4 Be8 46. Kg5 Kxa5
47. Bh5 Bc6 48. Bg4 Be8 49. Bf5 Kb4 50. Bg6 Bxg6 51. Kxg6 a5 52. h5 a4 53. h6
a3 54. h7 Kb3 55. h8=Q Ka2 56. Qc3 1-0

[Event "American Continental 10th"]
[Site "Praia da Pipa"]
[Date "2014.10.20"]
[Round "4"]
[White "Abarca Gonzalez, Nicolas"]
[Black "Mekhitarian, Krikor Sevag"]
[Result "0-1"]
[WhiteElo "2328"]
[BlackElo "2558"]
[PlyCount "118"]
[EventDate "2014.10.18"]
[EventType "swiss"]
[EventRounds "11"]
[EventCountry "BRA"]
[SourceTitle "EXT 2015"]
[Source "ChessBase"]
[SourceDate "2014.11.20"]
[SourceVersion "1"]
[SourceVersionDate "2014.11.20"]
[SourceQuality "1"]

1. d4 Nf6 2. Nf3 g6 3. Bf4 Bg7 4. c3 O-O 5. h3 d6 6. e3 c5 7. Bd3 Qb6 8. Na3
Qxb2 9. Nb5 cxd4 10. Rb1 Qxa2 11. Ra1 Qd5 12. Nc7 Qc6 13. Nxa8 Qxc3+ 14. Kf1
Nc6 15. Nxd4 Nxd4 16. exd4 Nd5 17. Be3 Bf5 18. Bxf5 gxf5 19. Rc1 Qa5 20. Qb3 f4
21. Nc7 Nxc7 22. Bxf4 Qb5+ 23. Qxb5 Nxb5 24. Rb1 a6 25. Be3 Rc8 26. d5 Rc2 27.
g4 Bb2 28. Kg2 f6 29. Rhe1 Kf7 30. Bc1 Bd4 31. Be3 Bb2 32. Bc1 Bc3 33. Re4 Bd4
34. Be3 Bb2 35. Rb4 Bc3 36. Rxb5 axb5 37. Rxb5 Rb2 38. Rxb2 Bxb2 39. Kf3 e6 40.
Ke4 b5 41. f4 b4 42. dxe6+ Kxe6 43. f5+ Kd7 44. Kd5 Bc3 45. Kc4 Kc6 46. g5 d5+
47. Kb3 d4 48. Bf4 fxg5 49. Bxg5 Kd5 50. f6 Ke6 51. Kc4 Kf7 52. Bh4 h6 53. Bg3
Kxf6 54. Bd6 Kg5 55. Bxb4 Bxb4 56. Kxd4 Kh4 57. Ke3 Kxh3 58. Kf2 Bc5+ 59. Kf1
h5 0-1

[Event "American Continental 10th"]
[Site "Praia da Pipa"]
[Date "2014.10.21"]
[Round "5"]
[White "Mekhitarian, Krikor Sevag"]
[Black "Henriquez Villagra, Cristobal"]
[Result "1-0"]
[WhiteElo "2558"]
[BlackElo "2466"]
[PlyCount "81"]
[EventDate "2014.10.18"]
[EventType "swiss"]
[EventRounds "11"]
[EventCountry "BRA"]
[SourceTitle "EXT 2015"]
[Source "ChessBase"]
[SourceDate "2014.11.20"]
[SourceVersion "1"]
[SourceVersionDate "2014.11.20"]
[SourceQuality "1"]

1. e4 c5 2. Nf3 d6 3. d4 cxd4 4. Nxd4 Nf6 5. Nc3 Nc6 6. Bg5 e6 7. Qd2 Be7 8.
O-O-O Nxd4 9. Qxd4 O-O 10. f4 Qa5 11. Kb1 Rd8 12. Qe3 Ng4 13. Qd2 Bxg5 14. fxg5
a6 15. Qf4 Ne5 16. h4 b5 17. h5 b4 18. Ne2 Bb7 19. Nd4 Rd7 20. Be2 Qd8 21. h6
g6 22. Rhf1 Qe7 23. b3 Rc8 24. Rd2 Rc5 25. Rfd1 Kf8 26. Nf3 Nxf3 27. gxf3 Rxg5
28. Rxd6 e5 29. Qd2 Rxd6 30. Qxd6 Qxd6 31. Rxd6 Ke7 32. Rb6 Bc8 33. Rxb4 Rg2
34. Bc4 Rf2 35. Rb8 Be6 36. Bxa6 Rxf3 37. a4 g5 38. a5 g4 39. Be2 Re3 40. a6
Rxe4 41. Rb7+ 1-0

[Event "American Continental 10th"]
[Site "Praia da Pipa"]
[Date "2014.10.22"]
[Round "6"]
[White "Leitao, Rafael Duailibe"]
[Black "Mekhitarian, Krikor Sevag"]
[Result "1/2-1/2"]
[WhiteElo "2636"]
[BlackElo "2558"]
[PlyCount "33"]
[EventDate "2014.10.18"]
[EventType "swiss"]
[EventRounds "11"]
[EventCountry "BRA"]
[SourceTitle "EXT 2015"]
[Source "ChessBase"]
[SourceDate "2014.11.20"]
[SourceVersion "1"]
[SourceVersionDate "2014.11.20"]
[SourceQuality "1"]

1. Nf3 Nf6 2. c4 g6 3. Nc3 d5 4. cxd5 Nxd5 5. g3 Bg7 6. Bg2 O-O 7. O-O Nc6 8.
d4 e5 9. Nxd5 e4 10. Ne5 Qxd5 11. Nxc6 Qxc6 12. Be3 Rd8 13. Qc1 Qxc1 14. Raxc1
c6 15. Bxe4 Bxd4 16. Rfd1 Bf6 17. Rxd8+ 1/2-1/2

[Event "American Continental 10th"]
[Site "Praia da Pipa"]
[Date "2014.10.23"]
[Round "8"]
[White "Granda Zuniga, Julio E"]
[Black "Mekhitarian, Krikor Sevag"]
[Result "1-0"]
[WhiteElo "2674"]
[BlackElo "2558"]
[PlyCount "86"]
[EventDate "2014.10.18"]
[EventType "swiss"]
[EventRounds "11"]
[EventCountry "BRA"]
[SourceTitle "EXT 2015"]
[Source "ChessBase"]
[SourceDate "2014.11.20"]
[SourceVersion "1"]
[SourceVersionDate "2014.11.20"]
[SourceQuality "1"]

1. b3 d5 2. Bb2 Nf6 3. e3 g6 4. c4 c6 5. Be2 Bg7 6. Nf3 O-O 7. O-O Re8 8. d4
Bg4 9. h3 Bxf3 10. Bxf3 Nbd7 11. Nc3 e6 12. Rc1 Rc8 13. Rc2 a6 14. Qa1 Qe7 15.
Rfc1 Rb8 16. a4 Bf8 17. a5 h5 18. e4 dxe4 19. Nxe4 Nxe4 20. Bxe4 Bg7 21. Rd1
Rbd8 22. Re2 Qh4 23. Bf3 Qf4 24. b4 Nf6 25. Qc1 Qxc1 26. Bxc1 Rd7 27. Be3 Red8
28. Red2 Bf8 29. Rb1 Bg7 30. Kf1 e5 31. Rbd1 e4 32. Be2 Ne8 33. d5 cxd5 34. Bb6
Nc7 35. cxd5 Rb8 36. d6 Ne8 37. b5 Bf8 38. bxa6 bxa6 39. Bxa6 Rxd6 40. Rxd6
Bxd6 41. Bb5 Bb4 42. Bxe8 Rxe8 43. a6 Ra8 1-0

[Event "American Continental 10th"]
[Site "Praia da Pipa"]
[Date "2014.10.24"]
[Round "9"]
[White "Mekhitarian, Krikor Sevag"]
[Black "Roselli Mailhe, Bernardo"]
[Result "1-0"]
[WhiteElo "2558"]
[BlackElo "2404"]
[PlyCount "73"]
[EventDate "2014.10.18"]
[EventType "swiss"]
[EventRounds "11"]
[EventCountry "BRA"]
[SourceTitle "EXT 2015"]
[Source "ChessBase"]
[SourceDate "2014.11.20"]
[SourceVersion "1"]
[SourceVersionDate "2014.11.20"]
[SourceQuality "1"]

1. d4 Nf6 2. c4 e6 3. Nf3 Bb4+ 4. Nbd2 d5 5. Qa4+ Nc6 6. a3 Be7 7. e3 O-O 8.
Qc2 Nb8 9. Bd3 b6 10. e4 dxe4 11. Nxe4 Nbd7 12. Neg5 g6 13. h4 Kg7 14. Bf4 Bd6
15. Bd2 Bb7 16. O-O-O Qe7 17. Rhe1 c5 18. Bc3 cxd4 19. Nxd4 Nc5 20. Be4 Rac8
21. Bxb7 Bf4+ 22. Kb1 Qxb7 23. Nb5 a6 24. Nd6 Bxd6 25. Rxd6 h6 26. Ne4 Ncxe4
27. Rxe4 Qe7 28. Rf4 Qxd6 29. Rxf6 Kh7 30. h5 Qe7 31. hxg6+ Kg8 32. g7 Rfd8 33.
Rxh6 f5 34. Rh8+ Kf7 35. g8=Q+ Rxg8 36. Rh7+ Ke8 37. Qa4+ 1-0

[Event "American Continental 10th"]
[Site "Praia da Pipa"]
[Date "2014.10.25"]
[Round "10"]
[White "Molina, Roberto Junio Brito"]
[Black "Mekhitarian, Krikor Sevag"]
[Result "0-1"]
[WhiteElo "2425"]
[BlackElo "2558"]
[PlyCount "81"]
[EventDate "2014.10.18"]
[EventType "swiss"]
[EventRounds "11"]
[EventCountry "BRA"]
[SourceTitle "EXT 2015"]
[Source "ChessBase"]
[SourceDate "2014.11.20"]
[SourceVersion "1"]
[SourceVersionDate "2014.11.20"]
[SourceQuality "1"]

1. d4 Nf6 2. c4 g6 3. f3 d5 4. cxd5 Nxd5 5. e4 Nb6 6. Nc3 Bg7 7. Be3 O-O 8. Qd2
e5 9. O-O-O exd4 10. Bxd4 Bxd4 11. Qxd4 Qxd4 12. Rxd4 Nc6 13. Rd1 Ne5 14. Nge2
c6 15. Nd4 a5 16. Be2 Re8 17. Rhe1 Kg7 18. Bf1 Ned7 19. f4 a4 20. g4 Nc5 21. h3
f6 22. Nf3 Be6 23. Kc2 Bg8 24. h4 Re7 25. Rd4 Nbd7 26. Rd6 Rae8 27. Red1 Nb6
28. e5 fxe5 29. Nxe5 Rf8 30. R6d4 Nd5 31. Nxd5 Bxd5 32. Kb1 Be4+ 33. Kc1 Rxf4
34. Nc4 Rxg4 35. h5 Bf3 36. Rxg4 Bxg4 37. Rd4 Bxh5 38. Nd2 Re1+ 39. Kc2 g5 40.
Bh3 Bg6+ 41. Kc3 0-1

[Event "American Continental 10th"]
[Site "Praia da Pipa"]
[Date "2014.10.26"]
[Round "11"]
[White "Mekhitarian, Krikor Sevag"]
[Black "Alonso, Salvador"]
[Result "1/2-1/2"]
[WhiteElo "2558"]
[BlackElo "2505"]
[PlyCount "151"]
[EventDate "2014.10.18"]
[EventType "swiss"]
[EventRounds "11"]
[EventCountry "BRA"]
[SourceTitle "EXT 2015"]
[Source "ChessBase"]
[SourceDate "2014.11.20"]
[SourceVersion "1"]
[SourceVersionDate "2014.11.20"]
[SourceQuality "1"]

1. e4 c5 2. Nf3 e6 3. d4 cxd4 4. Nxd4 Nc6 5. Nc3 Qc7 6. Be2 a6 7. O-O Nf6 8.
Be3 Bb4 9. Na4 Be7 10. Nxc6 bxc6 11. Nb6 Rb8 12. Nxc8 Qxc8 13. Bd4 c5 14. Be5
Rb6 15. Qd3 d6 16. Bc3 O-O 17. Rad1 d5 18. exd5 Nxd5 19. Be5 Bf6 20. Bxf6 Nxf6
21. b3 Nd5 22. Bf3 Ne7 23. Be4 Ng6 24. Rfe1 a5 25. Qd7 c4 26. Qa7 Qc5 27. g3
Rfb8 28. Rd7 Ne5 29. Rb7 R8xb7 30. Bxb7 f6 31. Rd1 Qc7 32. Qa8+ Kf7 33. Be4 f5
34. Bg2 Rb8 35. Qa6 Rd8 36. Rf1 Rd2 37. bxc4 Rxc2 38. Qb5 Rxc4 39. h3 Rc5 40.
Qb3 Rc3 41. Qd1 g6 42. Qd2 Rc2 43. Qh6 Kf6 44. a4 Ra2 45. g4 Nf7 46. Qxh7 Qf4
47. gxf5 gxf5 48. Bc6 Rc2 49. Be8 Ng5 50. Qh8+ Ke7 51. Bh5 Nxh3+ 52. Kg2 Nxf2
53. Qe8+ Kf6 54. Qg6+ Ke7 55. Qg7+ Kd6 56. Qf8+ Kd5 57. Qd8+ Kc4 58. Qc8+ Kd3
59. Qxc2+ Kxc2 60. Rxf2+ Qxf2+ 61. Kxf2 e5 62. Ke3 Kb3 63. Be8 Kb4 64. Kd3 Kb3
65. Bd7 Kb4 66. Bc6 Kc5 67. Bb5 Kd5 68. Ke3 Kc5 69. Kd3 Kd5 70. Ke3 Kc5 71. Bd7
Kb4 72. Kd3 Kb3 73. Be8 Kb4 74. Bd7 Kb3 75. Bb5 Kb4 76. Bd7 1/2-1/2

[Event "Itajai JASC Cup 54th"]
[Site "Itajai"]
[Date "2014.11.17"]
[Round "2.3"]
[White "De Oliveira, Icaro Jesus"]
[Black "Mekhitarian, Krikor Sevag"]
[Result "0-1"]
[WhiteElo "1890"]
[BlackElo "2565"]
[PlyCount "80"]
[EventDate "2014.11.16"]
[EventType "team-swiss"]
[EventRounds "7"]
[EventCountry "BRA"]
[SourceTitle "EXT 2016"]
[Source "ChessBase"]
[SourceDate "2015.10.08"]
[SourceVersion "1"]
[SourceVersionDate "2015.10.08"]
[SourceQuality "1"]
[WhiteTeam "Itapema"]
[BlackTeam "Itajai"]
[WhiteTeamCountry "BRA"]
[BlackTeamCountry "BRA"]

1. d4 Nf6 2. c4 g6 3. Nc3 d5 4. cxd5 Nxd5 5. e4 Nxc3 6. bxc3 Bg7 7. Qa4+ Nd7 8.
Bd3 O-O 9. Ne2 c5 10. Qa3 Ne5 11. Bc2 cxd4 12. cxd4 Qc7 13. Qb3 Be6 14. d5 Rac8
15. Bd1 Bd7 16. Rb1 a6 17. O-O Bb5 18. a4 Bd3 19. Rb2 Bxe4 20. Qxb7 Nd3 21.
Qxc7 Rxc7 22. Rc2 Rxc2 23. Bxc2 Nxf2 24. Bxe4 Nxe4 25. Ba3 Rd8 26. Bxe7 Rxd5
27. Rb1 f5 28. g3 Rd2 29. Kf1 Ra2 30. Rb8+ Kf7 31. Rb7 Be5 32. Bb4+ Kg8 33. a5
Rb2 34. Re7 Bf6 35. Re8+ Kf7 36. Rf8+ Ke6 37. Nf4+ Kd7 38. Nd5 Bd4 39. Ba3 Rxh2
40. Rf7+ Ke8 0-1

[Event "Itajai JASC Cup 54th"]
[Site "Itajai"]
[Date "2014.11.18"]
[Round "3.4"]
[White "Mekhitarian, Krikor Sevag"]
[Black "Santiago, Yago de Moura"]
[Result "1-0"]
[WhiteElo "2565"]
[BlackElo "2415"]
[PlyCount "75"]
[EventDate "2014.11.16"]
[EventType "team-swiss"]
[EventRounds "7"]
[EventCountry "BRA"]
[SourceTitle "EXT 2016"]
[Source "ChessBase"]
[SourceDate "2015.10.08"]
[SourceVersion "1"]
[SourceVersionDate "2015.10.08"]
[SourceQuality "1"]
[WhiteTeam "Itajai"]
[BlackTeam "Joinville"]
[WhiteTeamCountry "BRA"]
[BlackTeamCountry "BRA"]

1. Nf3 d5 2. g3 Nf6 3. Bg2 c6 4. O-O Bf5 5. c4 e6 6. cxd5 exd5 7. d3 Be7 8. Qb3
Bc8 9. Qc2 O-O 10. e4 Na6 11. a3 Nc5 12. Rd1 a5 13. Nd4 Re8 14. Nc3 Ne6 15. Nf5
Bf8 16. e5 Nd7 17. d4 f6 18. f4 g6 19. Nh4 Nxd4 20. Rxd4 Bc5 21. Be3 fxe5 22.
fxe5 Nxe5 23. Kh1 Bxd4 24. Bxd4 Qg5 25. Qb3 Nf7 26. Rf1 b5 27. Ne4 Rxe4 28.
Bxe4 Qg4 29. Bxd5 cxd5 30. Qxd5 Qd7 31. Qxa8 Nd8 32. Qa7 Bb7+ 33. Ng2 Qc6 34.
Rg1 Ne6 35. Qb8+ Kf7 36. Qe5 Qf3 37. Bc3 Qf2 38. Qe1 1-0

[Event "Itajai JASC Cup 54th"]
[Site "Itajai"]
[Date "2014.11.19"]
[Round "4.4"]
[White "Aranha Filho, Alvaro Zimmermann"]
[Black "Mekhitarian, Krikor Sevag"]
[Result "0-1"]
[WhiteElo "2277"]
[BlackElo "2565"]
[PlyCount "116"]
[EventDate "2014.11.16"]
[EventType "team-swiss"]
[EventRounds "7"]
[EventCountry "BRA"]
[SourceTitle "EXT 2016"]
[Source "ChessBase"]
[SourceDate "2015.10.08"]
[SourceVersion "1"]
[SourceVersionDate "2015.10.08"]
[SourceQuality "1"]
[WhiteTeam "Rio do Sul"]
[BlackTeam "Itajai"]
[WhiteTeamCountry "BRA"]
[BlackTeamCountry "BRA"]

1. d4 Nf6 2. Nf3 g6 3. g3 Bg7 4. Bg2 d5 5. O-O O-O 6. Nbd2 c5 7. Nb3 cxd4 8.
Nbxd4 Ne4 9. Ng5 Nc5 10. Nb3 Nxb3 11. axb3 h6 12. Nf3 e5 13. c3 Nc6 14. Ne1 Be6
15. Nd3 b6 16. b4 Qd7 17. Qa4 Rac8 18. Rd1 Rfd8 19. f4 e4 20. Nf2 f5 21. e3 a5
22. bxa5 Nxa5 23. Qxd7 Rxd7 24. Bd2 Nc4 25. Bc1 b5 26. Bf1 b4 27. Bxc4 Rxc4 28.
cxb4 d4 29. Bd2 Rc2 30. Bc1 d3 31. Bd2 Bb3 32. Bc3 Bxc3 33. bxc3 d2 34. Rdb1
Rxc3 35. Nd1 Rc1 36. Kf2 Bxd1 37. Rxc1 dxc1=Q 38. Rxc1 Ba4 39. Ra1 Bb5 40. Ra8+
Kf7 41. Rb8 Rd2+ 42. Kg1 Rd5 43. Kf2 Bd7 44. Rb7 Ke7 45. Rb6 Rd2+ 46. Ke1 Rd6
47. Rb8 Rd3 48. Ke2 Rb3 49. Rb6 Be6 50. Kd2 g5 51. fxg5 hxg5 52. h4 gxh4 53.
gxh4 f4 54. Rb7+ Kf6 55. exf4 e3+ 56. Kc2 e2 57. Kd2 Rb2+ 58. Ke1 Bc4 0-1

[Event "Cappelle op 31st"]
[Site "Cappelle-la-Grande"]
[Date "2015.03.02"]
[Round "4"]
[White "Mekhitarian, Krikor Sevag"]
[Black "Vovk, Andrey"]
[Result "1/2-1/2"]
[WhiteElo "2556"]
[BlackElo "2642"]
[Annotator "RR"]
[PlyCount "119"]
[EventDate "2015.02.28"]
[EventType "swiss"]
[EventRounds "9"]
[EventCountry "FRA"]
[SourceTitle "EXT 2016"]
[Source "ChessBase"]
[SourceDate "2015.10.08"]
[SourceVersion "1"]
[SourceVersionDate "2015.10.08"]
[SourceQuality "1"]

1. e4 c5 2. Nf3 d6 3. d4 cxd4 4. Nxd4 Nf6 5. Nc3 Nc6 6. Bg5 e6 (6... Qb6 7. Nb3
) 7. Qd2 a6 8. O-O-O h6 (8... Bd7 9. f4 (9. f3)) 9. Be3 Bd7 (9... Be7 10. f4)
10. f3 (10. f4 Be7) 10... Qc7 11. Kb1 b5 (11... Rb8 12. g4 Ne5 13. h4 b5 14.
Bd3 g6 15. g5 hxg5 16. hxg5 Rxh1 17. Rxh1 Nh5 18. f4 Nc4 19. Bxc4 Qxc4 20. b3
Qc7 21. f5 b4 22. Na4 e5 23. Ne2 a5 24. Nb2 Rc8 25. Nc4 Bb5 26. Nb6 Bxe2 27.
Qxe2 Ng3 28. Qb5+ Qc6 29. Qxc6+ Rxc6 30. Rh8 gxf5 31. Nd5 f4 32. Nf6+ Ke7 33.
Bf2 Rc8 34. Bxg3 fxg3 35. Rh3 Ke6 36. Rxg3 Be7 37. Nd5 Rg8 38. c3 bxc3 39. Kc2
Rxg5 40. Rxg5 Bxg5 41. Kxc3 {Vallejo Pons,F (2706)-Salem,A (2531)
Khanty-Mansiysk 2013 1/2-1/2}) (11... Na5 {[%cal Ga5c4]} 12. g4 {[%cal Gh2h4,
Gg4g5]} b5 13. Bd3 Nc4 14. Bxc4 Qxc4 15. h4 g6 16. Nb3 b4 17. Ne2 a5 $132 {
[%cal Ga5a4];Pavlov,M-Partos,C ROM-ch 39th Sinaia 1975 (8) 1/2-1/2}) 12. Ndxb5
$5 (12. g4 {La grande ligne}) (12. Bxb5 axb5 13. Ndxb5 Qb8 14. Nxd6+ Bxd6 15.
Qxd6 Qxd6 16. Rxd6 Ne5 17. b3 {Howell,J (2525)-Bates,R (2345) Hastings Masters
1995 (8) 1/2-1/2}) 12... axb5 13. Nxb5 Qb8 $146 (13... Qa5 14. Qxa5 Rxa5 15.
Bb6 Rxb5 16. Bxb5 Ne5 17. Ba6 Bc6 18. b4 Be7 19. b5 Ba8 20. Bd4 Nfd7 21. b6 Bc6
22. Ka1 Nb8 23. Be2 Ned7 24. Rb1 Kd8 25. Rhd1 Kc8 26. Rd3 f5 27. Rc3 fxe4 28.
fxe4 Nc5 29. e5 Ne4 30. Re3 dxe5 31. Bxe5 Kb7 32. Bxg7 Rg8 33. Bd4 e5 34. Bxe5
Bc5 35. Rf3 Nd7 36. Rf7 Ng5 37. Rxd7+ Bxd7 38. h4 Nf7 39. Bf6 Nd6 40. c4 Bc6
41. g4 Ne4 42. Bb2 Ng3 43. Bd1 {Smirnov,P (2530)-Bu,X (2553) Shanghai 2001 0-1
(61)}) 14. Nxd6+ Bxd6 15. Qxd6 Qxd6 16. Rxd6 O-O 17. Bb5 Rfc8 18. Rhd1 Be8 19.
c4 $1 {Pour l'instant la pièce mineure supplémentaire des Noirs est plus
forte que les 03 P mais la majorité de l'aile-dame est trés forte.} Kh7 20.
b3 g5 21. a4 Nh5 22. Kb2 (22. g3) 22... Nf4 23. g3 Nh5 24. Bd4 $6 {Il va être
difficile de progresser sur cases Noires à l'aile-dame après cet échange} (
24. Bxc6 $142 $5 Bxc6 25. Kc3 Kg6 26. Bb6 $1 {[%cal Ga4a5]} Rab8 27. a5 $14 {
[%cal Gb3b4,Gb4b5]}) 24... Nxd4 25. R1xd4 Kg6 26. Ra6 Rab8 27. Rdd6 Bxb5 28.
cxb5 (28. axb5 {[%cal Gb2a3,Ga3b4,Gb2c3,Gc3b4]}) 28... g4 $1 29. fxg4 (29. f4 {
[%csl Re6][%cal Gf4f5]} Nf6 30. f5+) 29... Nf6 30. Rdb6 $1 Nxe4 31. Rxb8 Rxb8
32. Rc6 {Les Blancs ont progressé} Kf6 33. b6 $16 Ke5 34. a5 Kd5 35. Rc1 (35.
Rc7 {[%csl Gc7] Plus actif} Nc5 36. Rxf7 Kc6 37. b4 Na6 38. Kb3 $36 {[%cal
Gb3c4,Gb4b5]}) 35... Nc5 36. Ka3 e5 37. Rd1+ $2 {C'était la seconde ronde de
la journée et la fatigue commence à se faire sentir} (37. b4 Nd3 38. Rc2 (38.
Rc3 e4 39. Ka4 Kd4) 38... e4 39. Ka4 $40 {[%cal Ga4b5,Ga5a6]}) 37... Kc6 38. b4
Ne6 39. Ka4 Rd8 40. Re1 (40. b5+ Kb7 41. Rxd8 Nxd8 42. Kb4 Ne6 $1 {[%csl Gc5]}
43. Kc4 Nd4 $11 {[%csl Rb5]}) 40... Rd2 41. Rxe5 Ra2+ 42. Kb3 Rxh2 43. b5+ Kb7
44. Rd5 Rg2 45. Rd7+ Kc8 46. Rxf7 Rxg3+ 47. Kc4 Rxg4+ 48. Kd5 Nf4+ 49. Kd6 (49.
Kc6 Rg6+) 49... Nd3 50. Rf8+ Kb7 51. Rf7+ Kb8 52. Rh7 Rg6+ 53. Kd5 Rg5+ 54. Kc4
Nb2+ 55. Kb4 Nd3+ 56. Kc4 Nb2+ 57. Kb4 Nd3+ 58. Kc3 Rxb5 59. Kxd3 Rxa5 60. Rxh6
1/2-1/2